Chemical process principles: (Record no. 600236)

000 -LEADER
fixed length control field 00318nam a2200121Ia 4500
008 - FIXED-LENGTH DATA ELEMENTS--GENERAL INFORMATION
fixed length control field 230907s9999||||xx |||||||||||||| ||und||
082 ## - DEWEY DECIMAL CLASSIFICATION NUMBER
Classification number 660.284
Author Mark HOU
100 ## - MAIN ENTRY--PERSONAL NAME
Personal name Hougen, Olaf A.
9 (RLIN) 115936
245 #0 - TITLE STATEMENT
Title Chemical process principles:
260 ## - PUBLICATION, DISTRIBUTION, ETC.
Place of publication, distribution, etc. CBS Publishers,
Name of publisher, distributor, etc. New Delhi :
Date of publication, distribution, etc. 2004
300 ## - PHYSICAL DESCRIPTION
Extent 1072 p.
942 ## - ADDED ENTRY ELEMENTS (KOHA)
Koha item type Book
Holdings
Withdrawn status Lost status Damaged status Not for loan Permanent Location Current Location Date acquired Total Checkouts Full call number Barcode Date last seen Price effective from Koha item type
        US-Pakistan Center for Advanced Studies in Energy (USPCAS-E) US-Pakistan Center for Advanced Studies in Energy (USPCAS-E) 11/07/2019   660.284 HOU CAS-E0004335 09/12/2023 09/12/2023 Book
© 2023 Central Library, National University of Sciences and Technology. All Rights Reserved.